[Event "SWE-chB"]
[Site "Lindesberg"]
[Date "1993.??.??"]
[Round "?"]
[White "Hedman, Erik"]
[Black "Jonsson, Mikael"]
[Result "1-0"]
[WhiteElo "2225"]
[BlackElo "2285"]

1.d4 Nf6 2.c4 g6 3.Nc3 Bg7 4.e4 d6 5.Nf3 O-O 6.Be2 e5 7.d5 a5 8.Bg5 Qe8 9.Nd2 Na6
10.a3 Bd7 11.b3 Kh8 12.h4 Ng8 13.h5 f6 14.Be3 Bh6 15.Nf1 Kg7 16.hxg6 hxg6
17.Qd2 Bxe3 18.Qxe3 Nc5 19.Nd2 Rf7 20.Rb1 f5 21.exf5 Bxf5 22.Rc1 Qe7 23.b4 axb4
24.axb4 Na6 25.Nde4 Nxb4 26.Ng5 Nf6 27.Nxf7 Kxf7 28.Qd2 e4 29.g4 Nd3+ 30.Kf1 Nxc1
31.Qxc1 Bd7 32.g5 Nh5 33.Bxh5 gxh5 34.Rxh5 Bf5 35.Qf4 Qe5 36.g6+ Kxg6 37.Qg5+ Kf7
38.Qxf5+ Qxf5 39.Rxf5+ Ke7 40.Rf4 Ra1+ 41.Ke2 Rc1 42.Rxe4+ Kd7 43.Kd2 Rf1
44.Nd1 Rh1 45.f4 c6 46.f5 Rh5 47.Ne3 Rh2+ 48.Ke1 Rh7 49.f6 Rf7 50.Re6 b5
51.Nf5 cxd5 52.Rxd6+ Kc7 53.cxb5 Rf8 54.Kd2  1-0

[Event "SWE-ch+"]
[Site "Lindesberg"]
[Date "1993.??.??"]
[Round "2"]
[White "Eriksson, Anders"]
[Black "Degerman, Lars"]
[Result "1/2-1/2"]
[WhiteElo "2355"]
[BlackElo "2460"]

1.Nf3 Nf6 2.c4 g6 3.Nc3 Bg7 4.d4 O-O 5.e4 d6 6.Be2 e5 7.Be3 c6 8.d5 Ng4 9.Bg5 f6
10.Bh4 Na6 11.Qd2 c5 12.a3 h5 13.h3 Nh6 14.Ng1 Qe8 15.f3 f5 16.Bg5 Nf7 17.Be3 h4
18.O-O-O Qe7  1/2-1/2

[Event "SWE-ch"]
[Site "Lindesberg"]
[Date "1993.??.??"]
[Round "8"]
[White "Barkhagen, Jonas"]
[Black "Jonsson, Hans"]
[Result "1/2-1/2"]
[WhiteElo "2430"]
[BlackElo "2345"]

1.d4 Nf6 2.c4 g6 3.Nc3 Bg7 4.e4 d6 5.Be2 O-O 6.Nf3 e5 7.d5 a5 8.Bg5 h6 9.Bh4 Na6
10.Nd2 Nc5 11.f3 Bd7 12.b3 Qe8 13.O-O Nh5 14.a3 Nf4 15.b4 axb4 16.axb4 Na4
17.Nxa4 Bxa4 18.Qe1 Bc2 19.Qf2 f5 20.Qe3 Bf6 21.Bxf6 Rxf6 22.Rfc1 Nxe2+ 23.Qxe2 Ba4
24.c5 f4 25.b5 Rf8 26.c6 bxc6 27.bxc6 Qb8 28.Rab1 Qa7+ 29.Qf2 Qa5 30.Rb7 Bb5
31.Nb3 Qb4 32.Qc2 Ra3 33.Rb1 Rfa8 34.h3 Ra2 35.Qd1 R2a7 36.Qd2 Qc4 37.Qf2 Ra2
38.Nd2 Qd3 39.R7xb5 Rxd2 40.Qh4 Rd1+ 41.Rxd1 Qxd1+ 42.Kh2 h5 43.Rb7 Ra1 44.Rb8+ Kf7
45.Rf8+ Kxf8 46.Qf6+ Kg8 47.Qxg6+ Kh8 48.Qxh5+ Kg7 49.Qg5+ Kh7 50.Qe7+ Kh6
51.Qf6+  1/2-1/2

[Event "SWE-ch"]
[Site "Lindesberg"]
[Date "1993.??.??"]
[Round "9"]
[White "Lyrberg, Patrik"]
[Black "Barkhagen, Jonas"]
[Result "1-0"]
[WhiteElo "2420"]
[BlackElo "2430"]

1.d4 Nf6 2.c4 d6 3.Nf3 g6 4.Nc3 Bg7 5.e4 O-O 6.Be2 e5 7.d5 a5 8.Bg5 h6 9.Bh4 Na6
10.Nd2 h5 11.f3 Bh6 12.Bf2 Nh7 13.h4 f5 14.Bd3 Bd7 15.Qe2 a4 16.a3 Nc5 17.Bc2 Nf6
18.O-O-O b6 19.Kb1 Kf7 20.Ka2 Rg8 21.Rdf1 f4 22.Ndb1 Qe7 23.Nb5 Rgc8 24.N1c3 c6
25.dxc6 Rxc6 26.Rd1 Be6 27.Kb1 Kg8 28.Nd5 Bxd5 29.exd5 Rcc8 30.Bxg6 Kh8 31.Bc2 Nfd7
32.g4 fxg3 33.Bxg3 Qf6 34.f4 exf4 35.Qxh5 fxg3 36.Rhf1 Qg7 37.Nxd6 Ne5 38.Nf7+  1-0

[Event "Lippstadt"]
[Site "Lippstadt"]
[Date "1993.??.??"]
[Round "?"]
[White "Wehmeier, Stefan"]
[Black "Brenke, Andreas"]
[Result "1/2-1/2"]
[WhiteElo "2320"]
[BlackElo "2285"]

1.d4 Nf6 2.c4 g6 3.Nc3 Bg7 4.e4 d6 5.Nf3 O-O 6.Be2 e5 7.dxe5 dxe5 8.Qxd8 Rxd8
9.Nd5 Nxd5 10.cxd5 c6 11.Bc4 h6 12.Be3 Bd7 13.O-O cxd5 14.Bxd5 Nc6 15.Rfd1 Rac8  1/2-1/2

[Event "Lisboa zt"]
[Site "Lisboa"]
[Date "1993.??.??"]
[Round "1"]
[White "Damaso, Rui"]
[Black "Santos, Antonio P"]
[Result "1/2-1/2"]
[WhiteElo "2435"]
[BlackElo "2285"]

1.c4 Nf6 2.Nc3 g6 3.e4 d6 4.d4 Bg7 5.Nf3 O-O 6.Be2 e5 7.d5 a5 8.h3 Na6 9.Be3 Bd7
10.Nd2 Ne8 11.g4 f5 12.gxf5 gxf5 13.exf5 Bxf5 14.Bg4 Bg6 15.Rg1 Kh8 16.Be6 Nf6
17.Rxg6 hxg6 18.Nde4 Nxe4 19.Nxe4 Qh4 20.Qg4 Qxg4 21.hxg4 Bf6 22.Bh6 Kh7
23.Bxf8 Rxf8 24.Ke2 Kg7 25.Rh1 Nc5 26.Nxc5  1/2-1/2

[Event "Lisboa zt"]
[Site "Lisboa"]
[Date "1993.??.??"]
[Round "1"]
[White "Arlandi, Ennio"]
[Black "Garcia, Raul"]
[Result "1/2-1/2"]
[WhiteElo "2460"]
[BlackElo "2300"]

1.d4 Nf6 2.c4 g6 3.Nc3 Bg7 4.e4 d6 5.Nf3 O-O 6.Be2 e5 7.O-O exd4 8.Nxd4 Re8
9.f3 Nh5 10.g4 Nf6 11.Bf4 Nc6 12.Nc2 Nd7 13.Kh1 Nc5 14.Qd2 Ne6 15.Be3 g5
16.b3 Be5 17.Rad1 Qf6 18.Nd5 Qh6 19.Bg1 Ne7 20.Nxe7+ Rxe7 21.Ne3 Re8 22.Bd3 Bd7
23.Nf5 Qf6 24.Be3 Nf4 25.Ng3 Qe7 26.Ne2 Nxd3 27.Qxd3 Kh8 28.Bd4 Bxd4 29.Qxd4+ Qe5
30.Nc3 Qxd4 31.Rxd4 Be6 32.Kg2 a6 33.Nd5 Rec8 34.Rc1 Kg7 35.c5 Bxd5 36.Rxd5 h6
37.cxd6 cxd6 38.Rxc8 Rxc8 39.Rxd6 Rc2+ 40.Kg3 Rxa2 41.Rb6 a5 42.Rxb7 a4 43.bxa4 Rxa4
44.h4 Ra3 45.h5 Ra5 46.Rb2 Rc5 47.Kf2 Ra5 48.Rd2 Kf6 49.Rd6+ Kg7 50.Ke3 Ra3+
51.Rd3 Ra4 52.Kd2 Kf6 53.Rd6+ Kg7 54.Rc6 Ra2+ 55.Rc2 Ra6 56.Rc3 Kf6 57.Kd3 Rd6+
58.Ke3 Ra6 59.f4 gxf4+ 60.Kxf4 Kg7 61.Rc4 Ra1 62.e5 Rf1+ 63.Ke4 Rf2 64.Rc3 Rg2
65.Kf3 Rg1 66.Kf4 Rf1+ 67.Rf3 Rc1 68.Rf2 Rg1 69.Re2 Rf1+ 70.Kg3 Rg1+ 71.Kf3 Rf1+
72.Kg2 Ra1 73.Kf2 Rb1 74.Re3 Ra1 75.Rd3 Ra5 76.Re3 Ra1 77.Kf3 Rf1+ 78.Ke4 Rg1
79.Kf4 Rf1+ 80.Rf3 Re1 81.Kf5 Re2 82.Rf1 Rg2 83.Rf4 Re2 84.Rc4 Rf2+ 85.Ke4 Re2+
86.Kd5 Rd2+  1/2-1/2

[Event "Ljubljana op"]
[Site "Ljubljana"]
[Date "1993.??.??"]
[Round "?"]
[White "Vospernik, Mira"]
[Black "Tratar, Marko"]
[Result "0-1"]
[WhiteElo "2120"]
[BlackElo "2290"]

1.d4 Nf6 2.Nf3 g6 3.c4 Bg7 4.Nc3 O-O 5.e4 d6 6.Be2 e5 7.dxe5 dxe5 8.Qxd8 Rxd8
9.Bg5 Nbd7 10.Rd1 Rf8 11.O-O Nc5 12.Bxf6 Bxf6 13.b4 Ne6 14.Nd5 Kg7 15.Nxf6 Kxf6
16.c5 a5 17.a3 axb4 18.axb4 Ra4 19.Rb1 Nf4 20.Bc4 Bg4 21.Rfd1 Ra3 22.Rd2 Rc3
23.Bf1 Bxf3 24.gxf3 Ne6 25.Bg2 Rd8 26.Rdb2 Ra3 27.Re2 Rdd3 28.Re3 Rxe3 29.fxe3 Rxe3
30.Kf2 Ra3 31.Rb2 Ke7 32.Bh3 Nd4 33.Bg2 Rb3 34.Rxb3 Nxb3 35.Bf1 Nd4 36.Bc4 Nc6
37.b5 Nd8 38.Ke3 Ne6 39.b6 c6 40.Bxe6 Kxe6 41.Kf2 Kf6 42.h4 g5 43.Kg3 h5
44.Kh3 gxh4 45.Kxh4 Kg6  0-1

[Event "London Lloyds"]
[Site "London"]
[Date "1993.??.??"]
[Round "1"]
[White "Naumkin, Igor"]
[Black "Wood, David A"]
[Result "1/2-1/2"]
[WhiteElo "2450"]
[BlackElo "2270"]

1.d4 Nf6 2.c4 g6 3.Nc3 Bg7 4.e4 d6 5.Nf3 O-O 6.Be2 e5 7.d5 a5 8.Bg5 h6 9.Bh4 Na6
10.Nd2 Qe8 11.O-O Nh7 12.a3 Bd7 13.b3 h5 14.f3 Bh6 15.Kh1 Be3 16.Rb1 f5 17.exf5 gxf5
18.f4 exf4 19.Bxh5 Qe5 20.Ne2 Nc5 21.Nf3 Qg7 22.g3 fxg3 23.Nxg3 f4 24.Re1 Nf6
25.Bxf6 Rxf6 26.Rxe3 fxe3 27.Qd4 Rxf3 28.Qxg7+ Kxg7 29.Bxf3 Rf8 30.Be2 Rf2
31.Rg1 Kh8 32.b4 axb4 33.axb4 Nb3 34.Rf1 Rxf1+ 35.Bxf1 Bg4 36.Be2 Bxe2 37.Nxe2 Nd2
38.Kg2 Nxc4 39.Kf3 c6 40.dxc6 bxc6 41.Nd4 c5 42.bxc5  1/2-1/2

[Event "London Lloyds"]
[Site "London"]
[Date "1993.??.??"]
[Round "1"]
[White "Carlsson, Magnus"]
[Black "Howell, James C"]
[Result "0-1"]
[WhiteElo "2015"]
[BlackElo "2505"]

1.d4 Nf6 2.c4 g6 3.Nc3 Bg7 4.e4 d6 5.Be2 O-O 6.Nf3 e5 7.Be3 Ng4 8.Bg5 f6
9.Bh4 Nc6 10.d5 Ne7 11.Nd2 Nh6 12.f3 c6 13.dxc6 bxc6 14.b4 d5 15.cxd5 cxd5
16.Nxd5 Nxd5 17.Bc4 Be6 18.exd5 Bxd5 19.Qb3 Bxc4 20.Nxc4 Kh8 21.Bf2 Nf5 22.Rd1 Nd4
23.Bxd4 exd4 24.O-O Rc8 25.Qd3 Qd5 26.Rc1 f5 27.Rfd1 Rc6 28.Ne3 Qe6 29.Rxc6 Qxc6
30.Nc2 Rc8 31.Na3 h5 32.g3 Qa4 33.Qb3 Qxb3 34.axb3 Rc3 35.Nb5 Rxb3 36.Nxd4 Rxb4
37.Nc6 Rc4 38.Ne7 Bd4+ 39.Kg2 Kg7 40.Nc6 Rxc6 41.Rxd4 Kf6 42.Ra4 a6 43.f4 Ke6
44.Kh3 Kd5 45.Kh4 Kc5 46.Kg5 Kb5 47.Ra1 a5 48.Rb1+ Kc5 49.Rc1+ Kd5 50.Rd1+ Ke4
51.Ra1 Ra6 52.Ra4+ Kd5 53.h3 Kc5 54.g4 fxg4 55.hxg4 hxg4 56.Kxg4 Kb5 57.Re4 a4
58.Kg5 a3 59.Re5+ Kc4 60.Re4+ Kd3  0-1

[Event "London Lloyds"]
[Site "London"]
[Date "1993.??.??"]
[Round "3"]
[White "Sheldon, Ruth"]
[Black "Britton, Richard"]
[Result "1/2-1/2"]
[WhiteElo "2040"]
[BlackElo "2305"]

1.d4 Nf6 2.c4 g6 3.Nc3 Bg7 4.e4 d6 5.Be2 O-O 6.Nf3 e5 7.d5 Ne8 8.Bg5 Qd7
9.Nd2 f5 10.exf5 gxf5 11.f4 h6 12.Bh4 exf4 13.Nb3 Nf6 14.O-O Ng4 15.Qd3 Na6
16.Rxf4 Be5 17.Bg3 Bxf4 18.Bxf4 Qg7 19.Rf1 Bd7 20.Qd2 Rf6 21.c5 Re8 22.c6 Bc8
23.cxb7 Bxb7 24.Na5 Bc8 25.Bb5 Ref8 26.Nc6 Bb7 27.h3 Ne5 28.Nxe5 dxe5 29.Bxe5 Qe7
30.Bxf6 Rxf6 31.Re1 Qc5+ 32.Kh1 Nb4 33.Qf4 Bxd5 34.Nxd5 Nxd5 35.Bc4 c6 36.b3 Kg7
37.Qe5 Qd6 38.Bxd5 Qxd5 39.Qxd5 cxd5 40.Re7+ Kg6 41.Rd7 Ra6 42.Rxd5 Rxa2
43.Rd4 Kf6 44.Rc4 Ke5 45.Rh4 Ra6 46.g3 Ra3 47.Rxh6 Rxb3 48.Kg2 Ra3 49.Rh8 a5
50.Ra8 Ke4 51.Re8+ Kd4 52.h4 a4 53.h5 Ra2+ 54.Kh3 Ra1 55.h6 Rh1+  1/2-1/2

[Event "London Lloyds"]
[Site "London"]
[Date "1993.??.??"]
[Round "4"]
[White "Sadler, Matthew"]
[Black "Tkachiev, Vladislav"]
[Result "1-0"]
[WhiteElo "2535"]
[BlackElo "2455"]

1.d4 Nf6 2.c4 d6 3.Nc3 Nbd7 4.e4 e5 5.Nf3 g6 6.Be2 Bg7 7.O-O O-O 8.Be3 h6
9.dxe5 dxe5 10.h3 c6 11.Qc1 Kh7 12.Rd1 Qe7 13.c5 Nh5 14.b4 Nf4 15.Bf1 Re8
16.Qc2 Ne6 17.Bc4 Ndf8 18.a3 Nf4 19.b5 N8e6 20.bxc6 bxc6 21.Rd6 Ng5 22.Qd1 Rb8
23.Rxc6 Rd8 24.Nd5 Nxf3+ 25.Qxf3 Nxd5 26.Bxd5 Bb7 27.Rc1 Bxc6 28.Bxc6 Rd3
29.Bd5 Bf6 30.c6 Rc8 31.a4 Kg7 32.Bxh6+ Kxh6 33.Qxd3 Kg7 34.Rb1 Rc7 35.Rb7 Qd6
36.Qc4 Bg5 37.g3 Bd8 38.Kg2 Qf6 39.h4 Qe7 40.Qb5 Qd6 41.Qb4 Qf6 42.Qc5 a6
43.Qa7 Rxb7 44.Qxb7  1-0

[Event "London Lloyds"]
[Site "London"]
[Date "1993.??.??"]
[Round "5"]
[White "Naumkin, Igor"]
[Black "Bates, Richard"]
[Result "1-0"]
[WhiteElo "2450"]
[BlackElo "2235"]

1.d4 Nf6 2.c4 g6 3.Nc3 Bg7 4.e4 d6 5.Nf3 O-O 6.Be2 Na6 7.O-O e5 8.d5 Nc5
9.Qc2 a5 10.Bg5 h6 11.Be3 Ng4 12.Bxc5 dxc5 13.h3 Nf6 14.Nxe5 Nxd5 15.cxd5 Bxe5
16.f4 Bd4+ 17.Kh2 Qh4 18.e5 Bf5 19.Bd3 Be3 20.Ne2 Bg4 21.Qc4 h5 22.Qe4 Bf2
23.Rxf2 Qxf2 24.hxg4 hxg4 25.f5 c4 26.Bxc4 Rae8 27.Ng3 Kg7 28.f6+ Kh7 29.Rf1 Qxb2
30.Rf5 Kh8 31.Rh5+ Kg8 32.Qxg6+  1-0

[Event "London Lloyds"]
[Site "London"]
[Date "1993.??.??"]
[Round "7"]
[White "Gokhale, Jayant Suresh"]
[Black "Bates, Richard"]
[Result "1-0"]
[WhiteElo "2330"]
[BlackElo "2235"]

1.d4 Nf6 2.c4 g6 3.Nc3 Bg7 4.e4 d6 5.Nf3 O-O 6.Be2 e5 7.O-O Na6 8.Qc2 exd4
9.Nxd4 Ng4 10.Bxg4 Bxg4 11.Be3 Bd7 12.Rad1 Qh4 13.Qd2 Qe7 14.Rfe1 Rae8 15.h3 f5
16.exf5 gxf5 17.Nd5 Qf7 18.Bh6 Bxh6 19.Qxh6 Qg7 20.Qh4 Re4 21.Rxe4 fxe4 22.Qxe4 Bxh3
23.Ne3 Nc5 24.Qd5+ Kh8 25.b4 c6 26.Qh5 Ne4 27.Qxh3 Nxf2 28.Qh4 Nxd1 29.Nxd1 Qf7
30.Ne3 Qf4 31.Qxf4 Rxf4 32.Ne2 Re4 33.Kf2 Kg8 34.Kf3 Rh4 35.Ng3 Rd4 36.Ke2 Rf4
37.Ngf5 d5 38.cxd5 cxd5 39.Nxd5 Rc4 40.Kd3 Rc1 41.a4 Kf7 42.Nc3 Ke6 43.Ne3 h5
44.Ned1 Kf5 45.Kd2 Ra1 46.Kc2 Kg4 47.Kb2 Rxd1 48.Nxd1 Kg3 49.Ne3 Kf2 50.Nd5 Kg3
51.Kc3 h4 52.Ne3 Kf2 53.Nf5  1-0

[Event "London Lloyds"]
[Site "London"]
[Date "1993.??.??"]
[Round "7"]
[White "Carlsson, Magnus"]
[Black "Sakhatova, Elvira"]
[Result "0-1"]
[WhiteElo "2015"]
[BlackElo "2235"]

1.d4 Nf6 2.c4 g6 3.Nc3 Bg7 4.e4 d6 5.Be2 O-O 6.Nf3 Na6 7.O-O e5 8.Be3 Ng4
9.Bg5 Qe8 10.h3 exd4 11.Nd5 f6 12.hxg4 fxg5 13.c5 c6 14.Bxa6 cxd5 15.Qb3 bxa6
16.Nxg5 Kh8 17.Qxd5 Bd7 18.Qxd6 Be5 19.Qxa6 h6 20.Nf3 Bb5 21.Qa5 Bxf1 22.Rxf1 Bg7
23.e5 Qe6 24.Nxd4 Qxe5  0-1

[Event "London Lloyds"]
[Site "London"]
[Date "1993.??.??"]
[Round "8"]
[White "Van der Sterren, Paul"]
[Black "Tkachiev, Vladislav"]
[Result "0-1"]
[WhiteElo "2525"]
[BlackElo "2455"]

1.Nf3 Nf6 2.c4 g6 3.Nc3 Bg7 4.e4 d6 5.d4 O-O 6.Be2 Na6 7.O-O e5 8.Be3 c6
9.d5 Ng4 10.Bg5 f6 11.Bc1 Kh8 12.Nd2 Nh6 13.f3 c5 14.a3 Bd7 15.Rb1 Nf7 16.b4 b6  0-1

[Event "Loosdorf op"]
[Site "Loosdorf"]
[Date "1993.??.??"]
[Round "9"]
[White "Novik, Maxim"]
[Black "Dobosz, Henryk"]
[Result "1-0"]
[WhiteElo "2475"]
[BlackElo "2430"]

1.d4 Nf6 2.c4 g6 3.Nc3 Bg7 4.e4 d6 5.Nf3 O-O 6.Be2 Nbd7 7.O-O e5 8.Be3 c6
9.Qc2 Qe7 10.Rad1 exd4 11.Bxd4 Re8 12.Nd2 Nc5 13.Rfe1 Bh6 14.f3 Ne6 15.Bf2 Nh5
16.Bf1 Nef4 17.Nb3 Bg7 18.Nd4 Qg5 19.Kh1 Qe7 20.Qd2 Bh6 21.Be3 Qh4 22.Kg1 Re5
23.Qf2 Nh3+ 24.gxh3 Bxe3 25.Qxe3 Rg5+ 26.Kh1 Bxh3 27.Nde2 Be6 28.b3 Rf8 29.f4 Rg4
30.Bg2 Nxf4 31.Nxf4 Rxf4 32.Rxd6 Re8 33.Qg3 Qxg3 34.hxg3 Rf2 35.Re2 Rxe2
36.Nxe2 f5 37.Nd4  1-0

[Event "POL-chT"]
[Site "Lubniewice"]
[Date "1993.??.??"]
[Round "?"]
[White "Chekhov, Valery A"]
[Black "Urban, Klaudiusz"]
[Result "1-0"]
[WhiteElo "2480"]
[BlackElo "2440"]

1.Nf3 Nf6 2.c4 g6 3.Nc3 Bg7 4.e4 d6 5.d4 O-O 6.Be2 e5 7.Be3 Nc6 8.d5 Ne7
9.Nd2 c5 10.g4 Nxg4 11.Bxg4 f5 12.exf5 gxf5 13.Bh3 f4 14.Bxc8 Rxc8 15.Bxc5 Rxc5
16.Nce4 Rc8 17.Qh5 h6 18.Rg1 Nf5 19.O-O-O b5 20.Rg6 Rc7 21.Rdg1 Rff7 22.c5 dxc5
23.d6 Rcd7 24.Nf3 Nxd6 25.Rxh6 Kf8 26.Nxe5  1-0

[Event "POL-chT"]
[Site "Lubniewice"]
[Date "1993.??.??"]
[Round "?"]
[White "Gralka, Julian"]
[Black "Kempinski, Robert"]
[Result "0-1"]
[WhiteElo "2300"]
[BlackElo "2370"]

1.d4 Nf6 2.c4 g6 3.Nc3 Bg7 4.e4 d6 5.Nf3 O-O 6.Be2 e5 7.O-O Qe8 8.dxe5 dxe5
9.Be3 b6 10.h3 Na6 11.a3 Nh5 12.Re1 Nf4 13.Bf1 Ne6 14.Qc2 Nd4 15.Bxd4 exd4
16.Nb5 Qd8 17.Rad1 c5 18.b4 Bd7 19.bxc5 bxc5 20.Qd2 Bc6 21.Qf4 Qe7 22.Bd3 Rab8
23.Rb1 Rb6 24.h4 Rd8 25.Qg3 Rb7 26.e5 Nb8 27.e6 fxe6 28.Ng5 e5 29.h5 a6 30.Nxh7 Kxh7
31.Qxg6+ Kg8 32.h6 axb5 33.cxb5 Bd5 34.Re4 Qf6 35.Rg4 Qxg6 36.Rxg6 e4 37.Bf1 c4
38.hxg7 d3 39.f3 c3 40.Ra1 d2  0-1

[Event "POL-chT"]
[Site "Lubniewice"]
[Date "1993.??.??"]
[Round "?"]
[White "Schmidt, Wlodzimierz"]
[Black "Kempinski, Robert"]
[Result "1-0"]
[WhiteElo "2440"]
[BlackElo "2370"]

1.Nf3 Nf6 2.c4 g6 3.Nc3 Bg7 4.e4 d6 5.d4 O-O 6.Be2 e5 7.O-O Na6 8.Re1 c6
9.Rb1 Qe7 10.Bf1 Bg4 11.d5 Nb4 12.Be2 a5 13.h3 Bc8 14.a3 Na6 15.dxc6 bxc6
16.b4 Rb8 17.Qa4 d5 18.cxd5 cxd5 19.Bg5 Nc7 20.exd5 axb4 21.Rxb4 Rxb4 22.axb4 Bd7
23.Qa5 Bf5 24.Bc4 Qd6 25.Qc5 Nce8 26.Nxe5 h6 27.Bf4 Qd8 28.Nc6 Qd7 29.Ne7+ Kh7
30.Bb5 Qd8 31.Nxf5 gxf5 32.d6  1-0

[Event "Madrid-B"]
[Site "Madrid"]
[Date "1993.??.??"]
[Round "?"]
[White "Moreno Ruiz, Javier"]
[Black "Roa Alonso, Santiago"]
[Result "0-1"]
[WhiteElo "2325"]
[BlackElo "2330"]

1.d4 Nf6 2.Nf3 g6 3.c4 Bg7 4.Nc3 O-O 5.e4 d6 6.Be2 e5 7.d5 h6 8.h3 a5 9.g4 Nh7
10.Be3 f5 11.gxf5 gxf5 12.exf5 Bxf5 13.Qd2 Qf6 14.O-O-O Na6 15.Nh2 h5 16.Bd3 Nc5
17.Bxf5 Qxf5 18.Nf1 a4 19.Ng3 Qf3 20.Qc2 a3 21.b3 e4 22.Ncxe4 h4 23.Nd2 Qf6
24.Nh5 Nd3+  0-1

[Event "Pirc mem"]
[Site "Maribor"]
[Date "1993.??.??"]
[Round "?"]
[White "Danner, Georg"]
[Black "Kozul, Zdenko"]
[Result "0-1"]
[WhiteElo "2385"]
[BlackElo "2550"]

1.d4 Nf6 2.c4 g6 3.Nc3 Bg7 4.e4 d6 5.Nf3 O-O 6.Be2 e5 7.d5 a5 8.Bg5 Na6 9.Nd2 Qe8
10.a3 Bd7 11.b3 Kh8 12.Rb1 Ng8 13.b4 axb4 14.axb4 f5 15.f3 Bh6 16.Bxh6 Nxh6
17.O-O Qe7 18.c5 dxc5 19.b5 Nb4 20.Nc4 Nf7 21.b6 Nd6 22.bxc7 Rac8 23.Nxd6 Qxd6
24.Bb5 Rxc7 25.f4 exf4 26.Bxd7 Rxd7 27.Rxb4 cxb4 28.Qd4+ Rf6 29.e5 Qb6 30.Ne2 Rxd5
31.Qxb6 Rxb6 32.Nxf4 Rxe5  0-1

[Event "Andalucia-chT"]
[Site "Matalascanas"]
[Date "1993.??.??"]
[Round "1"]
[White "Rubio, JJ."]
[Black "Garcia Luque, Agustin"]
[Result "1/2-1/2"]
[WhiteElo "2275"]
[BlackElo "2345"]

1.d4 Nf6 2.c4 g6 3.Nc3 Bg7 4.e4 d6 5.Nf3 O-O 6.Be2 Nbd7 7.O-O e5 8.d5 Nc5
9.Qc2 a5 10.Ne1 Ne8 11.Be3 f5 12.f3 f4 13.Bf2 g5 14.Nd3 Nxd3 15.Qxd3 h5 16.h3 Rf6
17.c5 Rg6 18.Rac1 g4 19.fxg4 hxg4 20.Bxg4 Bxg4 21.hxg4 Rxg4 22.Nb5 Bf6 23.Qh3 Rg6
24.cxd6 cxd6 25.Rc3 Bg5 26.Rfc1 f3 27.R1c2 Bf4 28.Qxf3 Nf6 29.Nc7 Rc8 30.Ne6 Rxc3
31.Rxc3 Qd7 32.Nxf4 exf4 33.Qxf4 Qa4 34.Rc8+ Kg7 35.b3 Qxa2 36.Rc7+ Kg8 37.Rc8+ Kg7
38.Rc1 Qb2 39.Rc7+ Kg8 40.Rc8+ Kg7 41.Qc1 Qxc1+ 42.Rxc1 Nxe4 43.Rc7+ Kf6
44.Bd4+ Kf5 45.Rxb7 Ng5 46.Kf2 Ne4+ 47.Kf1  1/2-1/2

[Event "AUS-ch op"]
[Site "Melbourne"]
[Date "1993.??.??"]
[Round "3"]
[White "Booth, Stewart"]
[Black "Fuller, Maxwell L"]
[Result "1/2-1/2"]
[WhiteElo "2280"]
[BlackElo "2285"]

1.d4 Nf6 2.c4 g6 3.Nc3 Bg7 4.e4 d6 5.Nf3 O-O 6.Be2 e5 7.O-O exd4 8.Nxd4 Re8
9.f3 Nh5 10.f4 c5 11.Nf3 Nc6 12.Nb5 Bg4 13.h3 Bxf3 14.Bxf3 Ng3 15.Re1 Nd4
16.Kh2 Nxb5 17.Kxg3 Nd4 18.Be3 Nxf3 19.Qxf3 Bxb2 20.Rad1 Bf6 21.Kh2 Qe7 22.Bf2 Rac8
23.Rd5 Rc6 24.Kh1 Bh4 25.f5 Bxf2 26.f6 Bxe1 27.fxe7 Rxe7 28.Rd1 Ba5 29.h4 h5
30.g4 hxg4 31.Qxg4 Bc3 32.h5 Re6 33.Rf1 Rc7 34.Qg5 Rd7 35.Qg4 Rde7 36.hxg6 Rxg6
37.Qc8+ Kg7 38.Rf4 Bf6 39.Rg4 Bg5 40.Kg2 f6 41.Kf3 b6 42.Rg2 Rh6 43.Qf5 Rh1
44.Kf2 Re5 45.Qg4 Ra1 46.Kf3 Rd1 47.Rh2 Rd3+ 48.Kg2 Rd2+ 49.Kg1 Rxh2 50.Kxh2 Kg6
51.Kg2 f5 52.exf5+ Rxf5 53.Qe4 Kf6 54.Qa8 Rf4 55.Qxa7 Rxc4 56.Qxb6 Rc2+ 57.Kf3 Ke5
58.Qb3 Rh2 59.Qc3+ Kd5 60.Qd3+ Kc6 61.Qa6+ Kc7  1/2-1/2

[Event "Milan op"]
[Site "Milan"]
[Date "1993.??.??"]
[Round "?"]
[White "Marzano, Carlo"]
[Black "Radovanovic, Jovica"]
[Result "1-0"]
[WhiteElo "2210"]
[BlackElo "2265"]

1.d4 Nf6 2.Nf3 g6 3.c4 Bg7 4.Nc3 O-O 5.e4 d6 6.Be2 e5 7.d5 a5 8.Bg5 h6 9.Bh4 Na6
10.Nd2 Qe8 11.a3 Bd7 12.b3 Nh7 13.O-O h5 14.f3 Bh6 15.Rb1 Be3+ 16.Kh1 Bc5
17.Qc1 c6 18.Bf2 Bxf2 19.Rxf2 Qd8 20.b4 axb4 21.axb4 c5 22.bxc5 Nxc5 23.Nb3 Qc7
24.Bf1 Nxb3 25.Rxb3 Ra7 26.Rfb2 Rfa8 27.Qe3 Ra1 28.Rb1 Bc8 29.Nb5 Qe7 30.Qb6 R1a6
31.Qc7 Qf8 32.c5 dxc5 33.Qxe5 Ra4 34.Nc7 R8a7 35.Bb5 Rb4 36.Rxb4 cxb4 37.d6 Qd8
38.Qe7 Qxe7 39.dxe7 Nf6 40.e5 Ne8 41.Nxe8 Bf5 42.Nf6+ Kg7 43.e8=Q Kh6 44.h4  1-0

[Event "Minsk"]
[Site "Minsk"]
[Date "1993.??.??"]
[Round "?"]
[White "Shipov, Sergei"]
[Black "Golod, Vitali"]
[Result "0-1"]
[WhiteElo "2490"]
[BlackElo "2485"]

1.d4 Nf6 2.c4 g6 3.Nc3 Bg7 4.e4 d6 5.Be2 O-O 6.Nf3 e5 7.Be3 Ng4 8.Bg5 f6
9.Bh4 g5 10.Bg3 Nh6 11.h3 Nc6 12.d5 Ne7 13.Qd2 Nf7 14.Nh2 f5 15.exf5 Nxf5
16.O-O Nd4 17.Bg4 Nh8 18.Ne2 Nf5 19.Bh5 Bf6 20.Ng4 Bd7 21.f3 Bg7 22.Bf2 b6
23.Nc3 a5 24.Kh2 Qe7 25.Be3 h6 26.Nf2 Bf6 27.Bg4 Qh7 28.Nfe4 Qg6 29.b3 Be8
30.Bxf5 Qxf5 31.a3 Ng6 32.Nd1 Be7 33.Ndf2 Nf4 34.Ng4 Qh7 35.g3 Ng6 36.Kg2 Bd7
37.Rh1 Rf5 38.h4 Rxf3 39.Kxf3 Rf8+ 40.Kg2 Nxh4+ 41.gxh4 Qxe4+ 42.Kh2 Bxg4
43.Rhf1 Bf3 44.Qe1 Rf7 45.Ra2 g4 46.Bf2 Qd3 47.Qb1 e4 48.Qxd3 exd3 49.Re1 Bf6
50.Re3 Be2 51.Raxe2 dxe2 52.Rxe2 h5 53.Re8+ Rf8 54.Re6 Be5+ 55.Kg2 Rf3 56.Re7 Rxb3
57.Rxc7 Rb2 58.Kf1 g3 59.Be3 Rb3 60.Bg1 Rxa3 61.Bxb6 Rb3 62.Bxa5 Rb2  0-1

[Event "Minsk op"]
[Site "Minsk"]
[Date "1993.??.??"]
[Round "7"]
[White "Kalinin, Oleg"]
[Black "Golubev, Mihail"]
[Result "1/2-1/2"]
[WhiteElo "2420"]
[BlackElo "2495"]

1.d4 Nf6 2.c4 g6 3.Nc3 Bg7 4.e4 d6 5.Nf3 O-O 6.Be2 e5 7.dxe5 dxe5 8.Qxd8 Rxd8
9.Bg5 c6 10.Nxe5 Re8 11.O-O-O Na6 12.Rd6 Nh5 13.Ng4 Nc5 14.Nh6+ Kf8 15.Bxh5 Bxc3
16.Bf3 Be5 17.Rdd1 Be6 18.Ng4 Bxg4 19.Bxg4 Nxe4 20.Bh6+ Bg7 21.Be3 f5 22.Bf3 Nf6
23.Rhe1 Kf7 24.Bf4 Rxe1 25.Rxe1 Rd8 26.Be3 a6 27.h3 h5 28.Rd1 Rxd1+ 29.Kxd1 Ne4
30.Kc2 Ke6 31.b3 Be5 32.Kd3 Nd6 33.b4  1/2-1/2

[Event "Minsk op"]
[Site "Minsk"]
[Date "1993.??.??"]
[Round "8"]
[White "Newerovski, Gennadi"]
[Black "Voloshin, Leonid"]
[Result "1/2-1/2"]
[WhiteElo "2360"]
[BlackElo "2420"]

1.d4 Nf6 2.Nf3 g6 3.c4 Bg7 4.Nc3 O-O 5.e4 d6 6.Be2 Nbd7 7.O-O e5 8.Be3 c6
9.Qc2 Re8 10.Rad1 Qe7 11.d5 c5 12.Ne1 Rf8 13.Bg5 h6 14.Bh4 g5 15.Bg3 h5 16.h3 Bh6
17.Rd3 Nxe4 18.Nxe4 f5 19.Nd2 Nf6 20.Rb3 Kg7 21.f3 b6 22.Bd3 h4 23.Bh2 Nh5
24.Rf2 Bd7 25.Ra3 Kh8 26.Nf1 Qf6 27.Qd1 Be8 28.Bc2 Bg6 29.Ba4 Rf7 30.Bc6 Raf8
31.Qa4 Re7 32.b4 e4 33.bxc5 bxc5 34.Qd1 f4 35.Re2 e3 36.Ba4 Ng7 37.Bc2 Nf5
38.Bxf5 Bxf5 39.Kh1 Bg7 40.Bg1 Qd4 41.Qc1 Qa1 42.Qxa1 Bxa1 43.Nxe3 fxe3 44.Bh2 Rd8
45.Raxe3 Rxe3 46.Rxe3 Kg7 47.Re2 Bc3 48.Nc2 Kf7 49.Re3 Bd4  1/2-1/2

[Event "Sportland NRW-Cup"]
[Site "Muenster"]
[Date "1993.??.??"]
[Round "7"]
[White "Libeau, Rene"]
[Black "Schaefer, Markus"]
[Result "1/2-1/2"]
[WhiteElo "2425"]
[BlackElo "2455"]

1.Nf3 Nf6 2.c4 g6 3.Nc3 Bg7 4.e4 d6 5.d4 O-O 6.Be2 Na6 7.O-O e5 8.Be3 Qe8
9.h3 c6 10.dxe5 dxe5 11.a3 Qe7 12.b4 Nh5 13.c5 Nc7 14.Qd6 Re8 15.Rfd1 Be6
16.b5 Nf4 17.bxc6 bxc6 18.Qxc6 Rac8 19.Qd6 Qf6 20.Bxf4 exf4 21.e5 Qf5 22.Nb5 Bf8
23.Qd2 Nxb5 24.Bxb5 Red8 25.Bd3 Qh5 26.Qxf4 Bxc5 27.Ba6 Rxd1+ 28.Rxd1 Rb8
29.Bc4 Qf5 30.Qc1 Bxc4 31.Qxc4 Rb1 32.Rxb1 Qxb1+ 33.Kh2 Bxf2 34.e6 Qb8+  1/2-1/2

[Event "Sportland NRW-Cup"]
[Site "Muenster"]
[Date "1993.??.??"]
[Round "9"]
[White "Libeau, Rene"]
[Black "Bosboom, Manuel"]
[Result "1-0"]
[WhiteElo "2425"]
[BlackElo "2440"]

1.Nf3 Nf6 2.c4 g6 3.Nc3 Bg7 4.e4 d6 5.d4 O-O 6.Be2 Nbd7 7.O-O e5 8.Qc2 exd4
9.Nxd4 Re8 10.Be3 c6 11.Rad1 Qe7 12.f3 d5 13.cxd5 cxd5 14.Ndb5 dxe4 15.fxe4 Ne5
16.Nd6 Rd8 17.Ncb5 Bg4 18.Bf3 Nxf3+ 19.gxf3 Bh3 20.Rfe1 Rd7 21.Nc4 b6 22.a4 Qb4
23.Ne5 Rxd1 24.Rxd1 a6 25.Nc6 Qf8 26.Nc7 Rc8 27.Bxb6 Nd7 28.Ba5 Bf6 29.Nd5 Re8
30.Nxf6+ Nxf6 31.Qc3 Qg7 32.Rd6 Be6 33.Nd8 Qf8 34.Qxf6 Qxd6 35.Bc3 Kf8 36.Qg7+ Ke7
37.Bb4 Rxd8 38.Bxd6+ Rxd6 39.Qc3 h5 40.Kf2 Kd7 41.Ke3 Rc6 42.Qd4+ Kc8 43.Qa7 Bb3
44.Qd4 Be6 45.b4 Kb7 46.h4 Rc4 47.Qf6 a5 48.bxa5 Rxa4 49.Qb2+ Ka8 50.Qb6 Ra3+
51.Kf4 Rb3 52.Qc7 Rb7 53.Qc6 Ka7 54.Kg5 Bd7 55.Qd6 Be6 56.Qc5+ Ka6 57.Qc6+ Ka7
58.f4 Bg4 59.Kf6 Bf3 60.Qc5+ Ka6 61.Qc4+  1-0

[Event "Sportland NRW-Cup"]
[Site "Muenster"]
[Date "1993.??.??"]
[Round "11"]
[White "Dao Thien Hai"]
[Black "Bosboom, Manuel"]
[Result "1/2-1/2"]
[WhiteElo "2565"]
[BlackElo "2440"]

1.d4 Nf6 2.c4 d6 3.Nc3 Nbd7 4.e4 e5 5.Nf3 g6 6.Be2 Bg7 7.O-O O-O 8.Qc2 exd4
9.Nxd4 Re8 10.Be3 c6 11.Rad1 a6 12.Nb3 Qc7 13.Rd2 b5 14.cxb5 cxb5 15.Nd5 Nxd5
16.exd5 Qxc2 17.Rxc2 Nf6 18.Bf3 Bf5  1/2-1/2